| 000 | 00933nam a22002537a 4500 | ||
|---|---|---|---|
| 999 |
_c89477 _d89477 |
||
| 005 | 20230302143947.0 | ||
| 010 | _aBAC-EN21 ENG-111840 ENG-136297 | ||
| 020 |
_a9789382711186 _c399.00 |
||
| 035 | _aEN-95372 EN-119829 | ||
| 035 | _aB-582356-391 | ||
| 035 | _aB-669773 | ||
| 037 |
_adpl _bBSB/Ven |
||
| 037 | _aDBAD/PUB | ||
| 082 | _a921 | ||
| 100 | _aVerma, Sudesh | ||
| 245 |
_aNarendra Modi : _cby Sudesh Verma _bthe game changer / |
||
| 260 |
_aNew Delhi _bVitasta Publishing _c2014 |
||
| 270 |
_a2/15,Ansari Road,Daryaganj _bNew Delhi _e110002 |
||
| 300 |
_a429p. : _c23cm(pbk) |
||
| 500 | _aIncludes bibliographical references and index | ||
| 942 |
_2ddc _cEN _mVER _h921 |
||